Los grandes versos de la poesía gaucha /
Guardado en:
| Autor Principal: | |
|---|---|
| Otros Autores: | , , |
| Formato: | Libro |
| Idioma: | Undetermined |
| Publicado: |
Funes :
DAMART,
2007.
|
| Edición: | 1a ed. |
| Materias: | |
| Etiquetas: |
Agregar Etiqueta
Sin Etiquetas, Sea el primero en etiquetar este registro!
|
| LEADER | 00956nam a22002415a 4500 | ||
|---|---|---|---|
| 001 | CEM.cems020735 | ||
| 008 | 231206s2007####ag############000#0#und#d | ||
| 005 | 20231206161529.0 | ||
| 245 | 1 | 0 | |a Los grandes versos de la poesía gaucha / |c José Hernández, Estanislao del Campo, Esteban Echeverría e Hilario Ascasubi. |
| 250 | |a 1a ed. | ||
| 260 | |a Funes : |b DAMART, |c 2007. | ||
| 300 | |a 432 p. | ||
| 505 | 0 | |a Martín Fierro / José Hernández -- La vuelta de Martín Fierro / José Hernández -- Fausto / Estanislao del Campo -- La cautiva / Esteban Echeverría -- Santos Vega / Hilario Ascasubi | |
| 020 | |a 9789872297367 | ||
| 100 | 1 | |a Hernández, José. | |
| 700 | 1 | |a del Campo, Estanislao. | |
| 700 | 1 | |a Echeverría, Esteban. | |
| 700 | 1 | |a Ascasubi, Hilario. | |
| 653 | |a Literatura argentina | ||
| 653 | |a Poesía gauchesca | ||
| 653 | |a Literatura gauchesca | ||
| 653 | |a Romanticismo | ||
| 859 | |a CEMS |b BIB. CEMS - 11 de abril |h A861.12 |i H43-16 |p 29831.23 |t Ej.1 | ||
